Central Library OPAC University of Rajshahi

Elements of probability theory / (Record no. 7554)

MARC details
000 -LEADER
fixed length control field 00963cam a2200277 4500
001 - CONTROL NUMBER
control field 7554
003 - CONTROL NUMBER IDENTIFIER
rucl marc code BD-RjUL
005 - DATE AND TIME OF LATEST TRANSACTION
control field 20211208234434.0
008 - FIXED-LENGTH DATA ELEMENTS--GENERAL INFORMATION
fixed length control field 14 t1966 nyu b 001 0 eng
035 ## - SYSTEM CONTROL NUMBER
System control number (BD-RjUL)7598
040 ## - CATALOGING SOURCE
Original cataloging agency DLC
Transcribing agency DLC
Modifying agency ICU
-- DLC
-- BD-RjUL
Language of cataloging eng
041 1# - LANGUAGE CODE
Language code of text/sound track or separate title eng
Language code of original fre
082 00 - DEWEY DECIMAL CLASSIFICATION NUMBER
Classification number 519
Edition number 16
Author mark and year BAE 1966
100 1# - MAIN ENTRY--PERSONAL NAME
Personal name Bass, J.
Fuller form of name (Jean)
9 (RLIN) 23565
245 10 - TITLE STATEMENT
Title Elements of probability theory /
Statement of responsibility, etc. [by] J. Bass. Translated by W. McKay. Translation editor: A. Jeffrey.
260 ## - PUBLICATION, DISTRIBUTION, ETC. (IMPRINT)
Place of publication, distribution, etc. New York :
Name of publisher, distributor, etc. Academic Press,
Date of publication, distribution, etc. c1966.
300 ## - PHYSICAL DESCRIPTION
Pagination xiv, 249 p. ;
Size 24 cm.
500 ## - GENERAL NOTE
General note Translation of Éléments de calcul des probabilités théorique et appliqué.
504 ## - BIBLIOGRAPHY, ETC. NOTE
Bibliography, etc Includes Bibliographical reference and index.
650 #0 - SUBJECT ADDED ENTRY--TOPICAL TERM
Topical term or geographic name as entry element Probabilities.
9 (RLIN) 243
Topical term or geographic name as entry element Mathematical statistics.
9 (RLIN) 23566
942 ## - ADDED ENTRY ELEMENTS (KOHA)
Source of classification or shelving scheme Dewey Decimal Classification
Koha item type Books
Holdings
Lost status Source of classification or shelving scheme Damaged status Not for loan Collection code Permanent Location Current Location Shelving location Date acquired Source of acquisition Cost, normal purchase price Total Checkouts Full call number Date last seen Copy number Koha item type
  Dewey Decimal Classification     Non-fiction Central Library, University of Rajshahi Central Library, University of Rajshahi   23/07/1971 Zeitlinger 78.00   519 BAE 1966 15/01/2014 C-2 Books
  Dewey Decimal Classification     Non-fiction Central Library, University of Rajshahi Central Library, University of Rajshahi   09/12/1968 Zuitlinger 92.06   519 BAE 1966 06/09/2016 C-3 Books